<?xml version="1.0" encoding="UTF-8"?>
<record
    xmlns:xsi="http://www.w3.org/2001/XMLSchema-instance"
    xsi:schemaLocation="http://www.loc.gov/MARC21/slim http://www.loc.gov/standards/marcxml/schema/MARC21slim.xsd"
    xmlns="http://www.loc.gov/MARC21/slim">

  <leader>00793cam a2200265 i 4500</leader>
  <controlfield tag="001">1166130</controlfield>
  <controlfield tag="003">YEEZEN</controlfield>
  <controlfield tag="005">20250711111542.0</controlfield>
  <controlfield tag="008">231024s2023    ch     g      000 0 chi d</controlfield>
  <datafield tag="020" ind1=" " ind2=" ">
    <subfield code="a">9786267184776</subfield>
    <subfield code="q">(&#x7B2C;2&#x518A; : &#x5E73;&#x88DD;) :</subfield>
    <subfield code="c">NT$380</subfield>
  </datafield>
  <datafield tag="040" ind1=" " ind2=" ">
    <subfield code="a">TWTNM</subfield>
    <subfield code="b">chi</subfield>
    <subfield code="c">TWTNM</subfield>
  </datafield>
  <datafield tag="042" ind1=" " ind2=" ">
    <subfield code="a">nbic</subfield>
  </datafield>
  <datafield tag="084" ind1=" " ind2=" ">
    <subfield code="a">177.2</subfield>
    <subfield code="2">ncsclt</subfield>
  </datafield>
  <datafield tag="090" ind1=" " ind2=" ">
    <subfield code="a">177.2</subfield>
  </datafield>
  <datafield tag="100" ind1="0" ind2=" ">
    <subfield code="a">&#x842C;&#x7279;&#x7279;</subfield>
  </datafield>
  <datafield tag="245" ind1="1" ind2="0">
    <subfield code="a">&#x9019;&#x4E16;&#x754C;&#x5F88;&#x7169;,&#x4F46;&#x4F60;&#x8981;&#x5F88;&#x53EF;&#x611B;.</subfield>
    <subfield code="n">2,</subfield>
    <subfield code="p">&#x9858;&#x6211;&#x5011;&#x7D93;&#x6B77;&#x5584;&#x60E1;,&#x4F9D;&#x820A;&#x5C11;&#x5973;&#x7121;&#x754F; /</subfield>
    <subfield code="c">&#x842C;&#x7279;&#x7279;&#x7B49;&#x8457;</subfield>
  </datafield>
  <datafield tag="250" ind1=" " ind2=" ">
    <subfield code="a">&#x521D;&#x7248;</subfield>
  </datafield>
  <datafield tag="260" ind1=" " ind2=" ">
    <subfield code="a">&#x65B0;&#x5317;&#x5E02; :</subfield>
    <subfield code="b">&#x5E78;&#x798F;&#x6587;&#x5316;&#x51FA;&#x7248; :</subfield>
    <subfield code="b">&#x9060;&#x8DB3;&#x6587;&#x5316;&#x767C;&#x884C;,</subfield>
    <subfield code="c">2023.06</subfield>
  </datafield>
  <datafield tag="300" ind1=" " ind2=" ">
    <subfield code="a">285, [1]&#x9762; ;</subfield>
    <subfield code="c">23&#x516C;&#x5206;</subfield>
  </datafield>
  <datafield tag="490" ind1="1" ind2=" ">
    <subfield code="a">&#x5BCC;&#x80FD;&#x91CF; ;</subfield>
    <subfield code="v">60.</subfield>
  </datafield>
  <datafield tag="650" ind1=" " ind2="7">
    <subfield code="a">&#x81EA;&#x6211;&#x5BE6;&#x73FE;</subfield>
    <subfield code="2">lcstt.</subfield>
  </datafield>
  <datafield tag="650" ind1=" " ind2="7">
    <subfield code="a">&#x751F;&#x6D3B;&#x6307;&#x5C0E;</subfield>
    <subfield code="2">lcstt.</subfield>
  </datafield>
  <datafield tag="830" ind1=" " ind2="0">
    <subfield code="a">&#x5BCC;&#x80FD;&#x91CF; ;</subfield>
    <subfield code="v">60.</subfield>
  </datafield>
  <datafield tag="942" ind1=" " ind2=" ">
    <subfield code="2">ccl</subfield>
    <subfield code="c">BOOK</subfield>
  </datafield>
  <datafield tag="999" ind1=" " ind2=" ">
    <subfield code="c">7653</subfield>
    <subfield code="d">7653</subfield>
  </datafield>
  <datafield tag="952" ind1=" " ind2=" ">
    <subfield code="0">0</subfield>
    <subfield code="1">0</subfield>
    <subfield code="2">ccl</subfield>
    <subfield code="4">0</subfield>
    <subfield code="7">0</subfield>
    <subfield code="a">yeezen</subfield>
    <subfield code="b">yeezen</subfield>
    <subfield code="c">YEEZEN</subfield>
    <subfield code="d">2025-07-11</subfield>
    <subfield code="l">5</subfield>
    <subfield code="m">2</subfield>
    <subfield code="o">177.2</subfield>
    <subfield code="p">C03242</subfield>
    <subfield code="r">2026-03-19 00:00:00</subfield>
    <subfield code="s">2026-02-25</subfield>
    <subfield code="w">2025-07-11</subfield>
    <subfield code="y">BOOK</subfield>
    <subfield code="z">&#x672C;&#x66F8;&#x662F;&#x66A2;&#x92B7;&#x66F8;&#x4F5C;&#x5BB6;&#x842C;&#x7279;&#x7279;&#x7B49;&#x4E03;&#x4F4D;&#x5973;&#x6027;&#x4F5C;&#x5BB6;&#x7684;&#x4EBA;&#x751F;&#x8A66;&#x9A57;&#x6240; &#x5979;&#x5011;&#x548C;&#x4F60;&#x6211;&#x4E00;&#x6A23;&#xFF0C;&#x8D70;&#x904E;&#x8FF7;&#x60D8;&#x3001;&#x7126;&#x616E;&#x3001;&#x5931;&#x53BB;&#x7684;&#x6B77;&#x7A0B;&#xFF0C; &#x6B63;&#x9032;&#x884C;&#x8457;&#x8207;&#x81EA;&#x5DF1;&#x548C;&#x89E3;&#x7684;&#x6210;&#x9577;&#x7DF4;&#x7FD2;&#x984C;&#xFF0C; &#x5B78;&#x7FD2;&#x300C;&#x9AD4;&#x9762;&#x300D;&#x7684;&#x548C;&#x904E;&#x53BB;&#x544A;&#x5225;&#xFF0C; &#x9AD4;&#x6703;&#x4E00;&#x6B65;&#x6B65;&#x5F37;&#x5927;&#x7684;&#x80FD;&#x91CF;&#xFF0C;&#x505A;&#x500B;&#x6709;&#x300C;&#x5E95;&#x6C23;&#x300D;&#x7684;&#x4EBA;&#xFF0C; &#x5728;&#x4EBA;&#x751F;&#x4E2D;&#x958B;&#x639B;&#x80FD;&#x6709;&#x591A;&#x723D;&#x3002;</subfield>
  </datafield>
</record>
